Central Library OPAC University of Rajshahi

Middle classes in dependent countries / (Record no. 33799)

MARC details
000 -LEADER
fixed length control field 01144cam a2200313 a 4500
001 - CONTROL NUMBER
control field 33799
003 - CONTROL NUMBER IDENTIFIER
rucl marc code BD-RjUL
005 - DATE AND TIME OF LATEST TRANSACTION
control field 20211209052048.0
008 - FIXED-LENGTH DATA ELEMENTS--GENERAL INFORMATION
fixed length control field 140511t1985 cau b 000 0 eng d
020 ## - INTERNATIONAL STANDARD BOOK NUMBER
International Standard Book Number 0803923759
035 ## - SYSTEM CONTROL NUMBER
System control number (BD-RjUL)33890
040 ## - CATALOGING SOURCE
Original cataloging agency DLC
Transcribing agency DLC
Modifying agency DLC
-- BD-RjUL
Language of cataloging eng
041 ## - LANGUAGE CODE
Language code of text/sound track or separate title eng
082 00 - DEWEY DECIMAL CLASSIFICATION NUMBER
Classification number 305.55
Edition number 20
Author mark and year MID 1985
245 00 - TITLE STATEMENT
Title Middle classes in dependent countries /
Statement of responsibility, etc. edited by Dale L. Johnson.
260 ## - PUBLICATION, DISTRIBUTION, ETC. (IMPRINT)
Place of publication, distribution, etc. Beverly Hills :
Name of publisher, distributor, etc. Sage Publications,
Date of publication, distribution, etc. c1985.
300 ## - PHYSICAL DESCRIPTION
Pagination 295 p. ;
Size 22 cm.
504 ## - BIBLIOGRAPHY, ETC. NOTE
Bibliography, etc Includes bibliographical references.
650 #0 - SUBJECT ADDED ENTRY--TOPICAL TERM
Topical term or geographic name as entry element Middle class
General subdivision Political activity.
9 (RLIN) 102635
Topical term or geographic name as entry element Middle class
General subdivision Political activity
-- Developing countries.
9 (RLIN) 102636
700 1# - ADDED ENTRY--PERSONAL NAME
Personal name Johnson, Dale L.
830 1# - SERIES ADDED ENTRY--UNIFORM TITLE
Uniform title Class, state & development ;
856 42 - ELECTRONIC LOCATION AND ACCESS
Materials specified Publisher description
Uniform Resource Identifier <a href="http://www.loc.gov/catdir/enhancements/fy0654/84012713-d.html">http://www.loc.gov/catdir/enhancements/fy0654/84012713-d.html</a>
Materials specified Table of contents only
Uniform Resource Identifier <a href="http://www.loc.gov/catdir/enhancements/fy0654/84012713-t.html">http://www.loc.gov/catdir/enhancements/fy0654/84012713-t.html</a>
942 ## - ADDED ENTRY ELEMENTS (KOHA)
Source of classification or shelving scheme Dewey Decimal Classification
Koha item type Books
Holdings
Lost status Source of classification or shelving scheme Damaged status Not for loan Collection code Permanent Location Current Location Shelving location Date acquired Source of acquisition Total Checkouts Full call number Date last seen Copy number Koha item type Cost, normal purchase price
  Dewey Decimal Classification   Not For Loan Non-fiction Central Library, University of Rajshahi Central Library, University of Rajshahi Reading Room 20/05/1990 asia foundation   305.55 MID 1985 11/05/2014 C-1 Books  
  Dewey Decimal Classification     Non-fiction Central Library, University of Rajshahi Central Library, University of Rajshahi   12/07/1988 Mokurrun pub.   305.55 MID 1985 12/06/2014 C-3 Books 7.92
  Dewey Decimal Classification     Non-fiction Central Library, University of Rajshahi Central Library, University of Rajshahi   20/05/1990 Sweets & Zeilinger   305.55 MID 1985 03/08/2016 C-4 Books  
  Dewey Decimal Classification     Non-fiction Central Library, University of Rajshahi Central Library, University of Rajshahi   12/07/1988 Mokurrun pub   305.55 MID 1985 10/08/2016 C-2 Books 73.00
  Dewey Decimal Classification     Non-fiction Central Library, University of Rajshahi Central Library, University of Rajshahi   12/07/1988 Manik Book   305.55 MID 1985 15/12/2016 C-5 Books 73.90